Honduras: las propuestas de Washington
Guardat en:
| Format: | Text |
|---|---|
| Etiquetes: |
Afegir etiqueta
Sense etiquetes, Sigues el primer a etiquetar aquest registre!
|
MARC
| LEADER | 00000 a a2200000 04500 | ||
|---|---|---|---|
| 001 | 17521 | ||
| 003 | |||
| 040 | |||
| 245 | |a Honduras: las propuestas de Washington | ||
| 773 | |g número 16; páginas 246 | ||
| 999 | |c 21818 |d 21818 | ||
| 773 | 0 | |0 42391 |9 4128 |a Agencia Latinoamericana de Información, ALAI |d Quito, Ecuador: ALAI |o 03942 |t ALAI: |x 08275564 (Servicio mensual de información y documentación) | |
